| 000 | 00494nam a2200181Ia 4500 | ||
|---|---|---|---|
| 008 | 100917s9999 xx 000 0 und d | ||
| 082 | _b46412 | ||
| 100 | _aRichmal Crompton | ||
| 245 | _aJust William and other Stories | ||
| 260 |
_bCollins London & Glosgow _c1977 |
||
| 300 | _a310 | ||
| 365 | _b0 | ||
| 520 | _aबालविभाग | ||
| 630 | _aJust William and other Stories | ||
| 650 | _aबालविभाग | ||
| 730 | _aJust William and other Stories | ||
| 942 | _cBOOK | ||
| 999 |
_c651806 _d651803 |
||